Typy inovácií a ich zavádzanie v podnikoch SR
Guardado en:
| Autor principal: | |
|---|---|
| Formato: | Capítulo de libro |
| Lenguaje: | eslovaco |
| Materias: | |
| Etiquetas: |
Sin Etiquetas, Sea el primero en etiquetar este registro!
|
MARC
| LEADER | 00000nla$a2200000$$$4500 | ||
|---|---|---|---|
| 001 | 0136084 | ||
| 005 | 20240513090109.7 | ||
| 041 | 0 | |a slo | |
| 044 | |a SK | ||
| 245 | 1 | 0 | |a Typy inovácií a ich zavádzanie v podnikoch SR |c Emília Spišáková |
| 610 | 2 | 0 | |a inovácia |
| 610 | 2 | 0 | |a inovácia výrobkov |
| 610 | 2 | 0 | |a procesy podnikové |
| 610 | 2 | 0 | |a rast hospodársky |
| 610 | 2 | 0 | |a podnik |
| 610 | 2 | 0 | |a analýzy |
| 610 | 2 | 0 | |a marketing |
| 610 | 2 | 0 | |a Slovensko |
| 100 | 1 | |a Spišáková, Emília, 1983- | |